000 nam a22 7a 4500
999 _c328650
_d328650
003 Nust
005 20170412164233.0
008 170412b xxu||||| |||| 00| 0 eng d
040 _cdlc
082 _a333.82220973 COA
245 _aCoal Research and Development to Support National Energy Policy
942 _2ddc
_cBK